Unholy Kingdom : (Record no. 1497296)

MARC details
000 -LEADER
fixed length control field 00455 a2200169 4500
005 - DATE AND TIME OF LATEST TRANSACTION
control field 20260312150809.0
008 - FIXED-LENGTH DATA ELEMENTS--GENERAL INFORMATION
fixed length control field 260312b |||||||| |||| 00| 0 eng d
020 ## - INTERNATIONAL STANDARD BOOK NUMBER
International Standard Book Number 9781839760105
040 ## - CATALOGING SOURCE
Transcribing agency SDCL
041 ## - LANGUAGE CODE
Source of code eng
Language code of text/sound track or separate title eng
084 ## - COLON CLASSIFICATION NUMBER
Classification number V463'P R5
100 ## - MAIN ENTRY--PERSONAL NAME
Personal name Ruthven, Malise
245 ## - TITLE STATEMENT
Title Unholy Kingdom :
Remainder of title Religion, Corruption and Violence in Saudi Arabia
260 ## - PUBLICATION, DISTRIBUTION, ETC.
Place of publication, distribution, etc. London :
Name of publisher, distributor, etc. Verso,
Date of publication, distribution, etc. 2025.
300 ## - PHYSICAL DESCRIPTION
Extent 368p.
942 ## - ADDED ENTRY ELEMENTS (KOHA)
Koha item type Textual
Source of classification or shelving scheme Colon Classification (CC)
100 ## - MAIN ENTRY--PERSONAL NAME
-- 822130
999 ## -
-- 1497296
-- 1497296
Holdings
Withdrawn status Lost status Source of classification or shelving scheme Damaged status Not for loan Collection Home library Current library Date acquired Source of acquisition Cost, normal purchase price Inventory number Total checkouts Full call number Barcode Date last seen Cost, replacement price Price effective from Koha item type
    Colon Classification (CC)     General South Campus Library South Campus Library 2025-12-24 64 2427.20 087 & 24/12/2025   V463'P R5 SC1691829 2025-12-24 3034.00 2025-12-24 Textual
Copyright @ Delhi University Library System